Drapeaux du Monde - 20 minutes - Statistiques

Statistiques générales
  • Ce quiz a été pris 74 fois
  • Le résultat moyen est 124 sur 196
Statistiques - réponses
Par images Réponse % Correct
Canada
100%
Etats-Unis
100%
France
100%
Italie
100%
Royaume-Uni
100%
Russie
100%
Corée du Sud
98%
Japon
98%
Australie
96%
Brésil
96%
Chine
96%
Pays-Bas
96%
Belgique
93%
Grèce
93%
Irlande
93%
Suisse
93%
Turquie
93%
Algérie
91%
Allemagne
91%
Espagne
91%
Israël
91%
Suède
91%
Tunisie
91%
Argentine
89%
Norvège
89%
Nouvelle-Zélande
89%
Côte d'Ivoire
87%
Inde
87%
Mexique
87%
Pologne
87%
Portugal
87%
Afrique du Sud
85%
Chypre
85%
Finlande
85%
Jamaïque
85%
Maroc
85%
Népal
85%
Albanie
83%
Arabie Saoudite
80%
Bangladesh
80%
Égypte
80%
Autriche
78%
Bulgarie
78%
Hongrie
78%
Luxembourg
78%
Malte
78%
République démocratique du Congo
78%
Viêt Nam
78%
Croatie
76%
Danemark
76%
Kenya
76%
Madagascar
76%
Monaco
76%
Pakistan
76%
Qatar
76%
Roumanie
76%
Vatican
76%
Cameroun
74%
Islande
74%
Liban
74%
Macédoine du Nord
74%
Corée du Nord
72%
Géorgie
72%
Sénégal
72%
Chili
70%
Indonésie
70%
Ukraine
70%
Burkina Faso
67%
Cambodge
67%
Colombie
67%
Irak
67%
Kazakhstan
67%
Nigeria
67%
Uruguay
67%
Bhoutan
65%
Iran
65%
Kosovo
65%
Mali
65%
Pérou
65%
République dominicaine
65%
République tchèque
65%
Slovaquie
65%
Thaïlande
65%
Venezuela
65%
Angola
63%
Barbade
63%
Bosnie-Herzégovine
63%
Cuba
63%
Mauritanie
63%
Serbie
63%
Slovénie
63%
Gabon
61%
Laos
61%
Malaisie
61%
Niger
61%
Panama
61%
Saint-Marin
61%
Seychelles
61%
Somalie
61%
Sri Lanka
61%
Comores
59%
Estonie
59%
Éthiopie
59%
Haïti
59%
Moldavie
59%
Philippines
59%
Singapour
59%
Syrie
59%
Afghanistan
57%
Azerbaïdjan
57%
Cap-Vert
57%
Émirats arabes unis
57%
Équateur
57%
Honduras
57%
Mongolie
57%
Ouganda
57%
République du Congo
57%
Tanzanie
57%
Yémen
57%
Andorre
54%
Arménie
54%
Bénin
54%
Biélorussie
54%
Costa Rica
54%
Lettonie
54%
Liechtenstein
54%
Palaos
54%
Tchad
54%
Tonga
54%
Bahreïn
52%
Eswatini
52%
Ghana
52%
Jordanie
52%
Koweït
52%
Liberia
52%
Malawi
52%
Papouasie-Nouvelle- Guinée
52%
Taïwan
52%
Turkménistan
52%
Birmanie
50%
Libye
50%
Lituanie
50%
Monténégro
50%
Mozambique
50%
Ouzbékistan
50%
Salvador
50%
Fidji
48%
Guatemala
48%
Maldives
48%
Oman
48%
Sainte-Lucie
48%
Soudan
48%
Belize
46%
Dominique
46%
Kirghizistan
46%
Lesotho
46%
Nicaragua
46%
Paraguay
46%
République Centrafricaine
46%
Antigua-et-Barbuda
43%
Bahamas
43%
Burundi
43%
Grenade
43%
Guinée
43%
Guyana
43%
Île Maurice
43%
Îles Marshall
43%
Tadjikistan
43%
Togo
43%
Trinité-et-Tobago
43%
Zambie
43%
Zimbabwe
43%
Brunei
41%
Djibouti
41%
Érythrée
41%
Micronésie
41%
Soudan du Sud
41%
Suriname
41%
Botswana
39%
Gambie
39%
Kiribati
39%
Nauru
39%
Saint-Vincent-et-les- Grenadines
39%
Sao Tomé-et-Principe
39%
Sierra Leone
39%
Timor oriental
39%
Tuvalu
39%
Bolivie
37%
Guinée équatoriale
37%
Namibie
37%
Vanuatu
37%
Rwanda
35%
Saint-Christophe- et-Niévès
35%
Samoa
35%
Guinée-Bissau
30%
Salomon
28%
Aucun quiz correspondant
Distribution des résultats
% des personnes avec chaque résultat
Percentile par nombre de réponses
Votre historique - résultats
Vous n’avez pas pris ce quiz